Statistics for Transformers Studio Series Figures

Click here to take the quiz!

General Stats

  • This quiz has been taken 141 times
    (10 since last reset)
  • The average score is 65 of 119

Answer Stats

SizeDescriptionAnswer% Correct
Voyager ClassDecepticon Assassin, who transforms into an
M1A1 Abrams
Brawl
100%
Deluxe ClassAutobot Scout, who transforms into a licensed
1977 Chevrolet Camaro
Bumblebee
100%
Deluxe ClassAutobot Scout, who transforms into a licensed
Off-road 1977 Chevrolet Camaro
Bumblebee
100%
Deluxe ClassAutobot Scout, who transforms into a
licensed 2006 Chevrolet Camaro
Bumblebee
100%
Core ClassAutobot Scout, who transforms into a licensed
2011 Chevrolet Camaro
Bumblebee
100%
Two-packAutobot Scout, who transforms into a
licensed 2016 Chevrolet Camaro
Bumblebee
100%
Two-packAutobot Scout, who transforms into a
licensed 1967 Volkswagen Beetle,
decked in rust
Bumblebee
100%
Deluxe ClassAutobot Scout, who transforms into a
licensed 2011 Chevrolet Camaro
Bumblebee
100%
SDCC ExclusiveAutobot Scout, who transforms into a
licensed 1977 Chevrolet Camaro, decked
out in gold. Comes with Dairu and Uruaz
Bumblebee
100%
Deluxe ClassAutobot Scout, who transforms into a
licensed 1967 Volkswagen Beetle
Bumblebee
100%
Two-packAutobot Scout, who transforms into a
licensed 1977 Chevrolet Camaro. Comes
with Charlie Watson
Bumblebee
100%
SDCC ExclusiveAutobot Scout, who transforms into a
licensed 1967 Volkswagen Beetle,
decked out in gold. Comes with Uriad
and Zauru
Bumblebee
100%
Deluxe ClassAutobot Scout, who transforms into a licensed
2010 Chevrolet Camaro. Comes with Sam
Witwicky
Bumblebee
100%
Leader ClassLeader of the Dinobots, who transforms
into a robotic Tyrannosaurus Rex
Grimlock
100%
Deluxe ClassAutobot Combat and Weapons Specialist,
who transforms into a Cybertronian SUV
Ironhide
100%
Voyager ClassAutobot Combat and Weapons Specialist,
who transforms into a licensed GMC
Topkick 4x4 C4500
Ironhide
100%
Voyager ClassDecepticon Leader, who transforms into a
Cybertronian Tank
Megatron
100%
Universal Studios ExclusiveDecepticon Leader, who transforms into
a Licensed MACK M915. Decked in silver
and grey
Megatron
100%
Voyager ClassDecepticon Leader, who transforms into a
Cybertronian Jet
Megatron
100%
Leader ClassDecepticon Leader, who transforms into
a licensed MACK M915
Megatron
100%
Buzzworthy Bumblebee ExclusiveAutobot Leader, who transforms into a 1987
Freightliner FLA Semi-truck
Optimus Prime
100%
Deluxe ClassAutobot Medical Officer, who transforms into
a Cybertronian SUV
Ratchet
100%
Deluxe ClassAutobot Medical Officer, who transforms
into a licensed Hummer H2 Search & Rescue
Ratchet
100%
Deluxe ClassAutobot Medical Officer, who transforms
into a licensed Hummer H2 Search & Rescue
Ratchet
100%
Voyager ClassDecepticon Air Commander, who
transforms into a licensed Lockheed Martin
F-22 Raptor, decked in Cybertronian Tattoos
Starscream
100%
Voyager ClassDecepticon Seeker, who transforms into
a Cybertronian Tetrajet
Starscream
100%
Voyager ClassDecepticon Air Commander, who transforms
into a licensed Lockheed Martin F-22 Raptor
Starscream
100%
Deluxe ClassAutobot Second-in-command, who
transforms into a licensed Pontiac Solstice
Jazz
88%
Voyager ClassAutobot Leader, who transforms into a
licensed Peterbilt 379
Optimus Prime
88%
Voyager ClassAutobot Leader, who transforms into a
1970s Marmon Cab-over
Optimus Prime
88%
Voyager ClassAutobot Leader, who transforms into a
licensed Peterbilt 379
Optimus Prime
88%
Voyager ClassDecepticon Communications Officer, who
transforms into a Cybertronian Spacecraft
Soundwave
88%
Deluxe ClassDecepticon Communications Officer, who
transforms into a Cybertronian Satellite
Soundwave
88%
Deluxe ClassDecepticon Communications Officer, who
transforms into a licensed Mercedes-Benz
SLS AMG
Soundwave
88%
Leader ClassDecepticon Spy, who transforms into a
licensed Sikorsky MH-53 Pave Low III
Blackout
75%
Deluxe ClassDecepticon Assassin and Leader of
the Dreads, who transforms into a licensed
Chevrolet Surburban SUV
Crowbar
75%
Target ExclusiveAutobot Wrecker, who transforms into a
Chevrolet Impala Nascar, armed with
weapons
Leadfoot
75%
Voyager ClassAutobot Traitor, who transforms into a
licensed Rosenbauer Airport Fire Engine
Sentinel Prime
75%
Deluxe ClassAutobot Scientist, who transforms into a
Volkswagen Type 2 Van
Wheeljack
75%
Deluxe ClassAutobot Scientist, who transforms into a
Cybertronian Sports Car
Wheeljack
75%
Voyager ClassDecepticon Assassin, who transforms into
a licensed Buffalo Minesweeper
Bonecrusher
63%
Deluxe ClassAutobot Lieutenant, who transforms into a
Cybertronian Sports Car
Cliffjumper
63%
Deluxe ClassAutobot Samurai, who transforms into a
Sikorsky S-97 Raider
Drift
63%
Multi-packAutobot Samurai, who transforms into
a licensed Mercedes-Benz AMG GTR
Drift
63%
Voyager ClassMan-made Decepticon Assassin, who
transforms into a licensed Freughtliner
Argosy Cab
Galvatron
63%
Leader ClassDecepticon Assassin, who transforms into a
Sikorsky CH-53E Super Stallion
Grindor
63%
Deluxe ClassAutobot Technician, who transforms into a
licensed Chevrolet Volt
Jolt
63%
Deluxe ClassMercenary Bounty Hunter, who transforms
into a licensed Lamborghini Aventador
Lockdown
63%
Leader ClassConstructicon Giant, who transforms into a
Terex O&K RH400
Scavenger
63%
Leader ClassTerrorcon Leader, who transforms into a
Peterbilt 359
Scourge
63%
Core ClassDecepticon Scientist, who transforms into
a Cybertronian Tank
Shockwave
63%
Voyager ClassDecepticon Scientist, who transforms into a
Cybertronian Tank.
Shockwave
63%
Leader ClassDecepticon Scientist and Assassin, who
transforms into a Cybertronian Tank
Shockwave
63%
Deluxe ClassAutobot Spy, who transforms into a licensed
2009 Corvette Stingray Concept
Sideswipe
63%
Deluxe ClassAutobot Spy, who transforms into a licensed
2009 Corvette Stingray Concept
Sideswipe
63%
Deluxe ClassMan-made Decepticon Assassin, who
transforms into a licensed Pagani Huayra
Stinger
63%
Toysrus ExclusiveDecepticon Seeker, who transforms into
a Saab JAS Gripen 39
Thundercracker
63%
Voyager ClassDecepticon Seeker, who transforms into a
Cybertronian Tetrajet
Thundercracker
63%
Core ClassAutobot Spy, who transforms into a Ducati 916Arcee
50%
Deluxe ClassAutobot Commander, who transforms into a
Cybertronian Motorbike
Arcee
50%
Deluxe ClassDecepticon Spy, who transforms into a
licensed Police Saleen S281
Barricade
50%
Deluxe ClassAutobot Brute, who transforms into a
Cybertronian Military Vehicle
Brawn
50%
Deluxe ClassDecepticon Dread, who transforms into a
licensed Chevrolet Surburban SUV
Crankcase
50%
Gift SetThe colossus Constructicon Combiner, made
up of 8 Constructicons
Devastator
50%
Core ClassDecepticon Spy, who can transform into a
downsized pink version of Bumblebee
Laserbeak
50%
Voyager ClassConstructicon Brute, who transforms into
a licensed Caterpillar 773B
Long Haul
50%
Deluxe ClassAutobot Rookie, who transforms into a
licensed Porsche 911 Carrera RS 3.8
Mirage
50%
Voyager ClassLeader of the Constructicons, who transforms
into a licensed MACK Granite
Mixmaster
50%
Voyager ClassConstructicon Spy, who transforms into
a licensed Caterpillar D9T Bulldozer
Rampage
50%
Core ClassDecepticon Minion, who transforms into a
Cassette Tape
Ravage
50%
Deluxe ClassAutobot Wrecker, who transforms into a
Chevrolet Impala Nascar, armed with
weapons
Roadbuster
50%
Voyager ClassConstruction Warrior, who transforms into a
Caterpillar 992G Front Loader
Scrapper
50%
Deluxe ClassDecepticon Spy, who transforms into an
approximation of a Audi R8
Sideways
50%
Leader ClassThe First Decepticon, who transforms into
a Cybertronian Jet
The Fallen
50%
Deluxe ClassAutobot Wrecker, who transforms into a
Chevrolet Impala Nascar, armed with
weapons
Topspin
50%
Voyager ClassDecepticon Seeker, who transforms into a
Generic Jet
Blitzwing
38%
Deluxe ClassAutobot Headmaster, who transforms into
a licensed Aston Martin DB11
Cogman
38%
Deluxe ClassAutobot Spy, who transforms into an
approximation of a Ferrari 458 Italia
Dino
38%
Deluxe ClassConstructicon Spy, who transforms into a
Kobeleco CK2500-II Crawler
Hightower
38%
Deluxe ClassAutobot Spy, who transforms into a
licensed Lamborghini Centenario
Hot Rod
38%
Leader ClassDecepticon-turned-Autobot Seeker, who
transforms into a licensed Lockheed
SR-71 Blackbird
Jetfire
38%
Leader ClassConstructicon Warrior, who transforms into a
Komastu HD465-7
Overload
38%
Voyager ClassDecepticon Seeker, who transforms into a
Cybertronian Tetrajet
Thrust
38%
Deluxe ClassMaximal Spy, who transforms into a robotic
Pelegrine Falcon
Airazor
25%
Voyager ClassTerrorcon Brute, who transforms into a
licensed GMC Topkick C7000
Battletrap
25%
Voyager ClassMaximal Rookie, who transforms into a robotic
Cheetah
Cheetor
25%
Deluxe ClassAutobot Tactician, who transforms into a
licensed Corvette Stingray
Crosshairs
25%
Deluxe ClassDecepticon Spy, who transforms into a
1973 AMC Javelin
Dropkick
25%
Deluxe ClassDecepticon Assassin, who transforms
into a licensed Bell AH-1 SuperCobra
Dropkick
25%
Voyager ClassMan-made Decepticon Spy, who
transforms into a Saab JAS Gripen 39
KSI Boss
25%
Deluxe ClassTerrorcon Assassin, who transforms into a
Nissan Skyline GT-R R33
Nightbird
25%
Leader ClassMaximal Leader, who transforms into a robotic
Gorilla
Optimus Primal
25%
Voyager ClassMaximal Warrior, who transforms into a robotic
Rhinoceros
Rhinox
25%
Deluxe ClassConstructicon Assassin, who transforms
into a Volvo EC700C Crawler
Scrapmetal
25%
Deluxe ClassDecepticon Spy, who transforms into a
1971 Plymouth GTX
Shatter
25%
Deluxe ClassDecepticon Spy, who transforms into a Yak-38Shatter
25%
Deluxe ClassAutobot Scout, who transforms into a
Cybertronian Sports Car
B-127
13%
Leader ClassDecepticon Leader, who transforms into a
Cybertronian Tank and Cybertronian Jet.
Based on concept art.
Concept Art Megatron
13%
Core ClassDecepticon Soldier, who transforms into a
2016 Confederate Motorcycle P51 Combat
Fighter
Mohawk
13%
Voyager ClassDecepticon Assassin, who transforms into a
Buffalo Minesweeper. Decked in grey
NEST Bonecrusher
13%
Online ExclusiveAutobot Scout, who transforms into a licensed
Willys Jeep. Decked out in grey.
NEST Bumblebee
13%
Deluxe ClassAutobot Medical Officer, who transforms into a
licensed Hummer H2 Search & Rescue.
Decked in grey
NEST Ratchet
13%
Deluxe ClassMercenary Soldier, who transforms into a
licensed Lamborghini Aventador
Shadow Raider
13%
Voyager ClassConstructicon Spy, who transforms into a
licensed Caterpillar D9T Bulldozer
Skipjack
13%
Three-packAutobot Sisters, who transform into a Suzuki
B-King, Ducati 848, and a MV Agusta F4
Arcee Sisters
0%
Target ExclusiveDecepticon Leader, who transforms into
a Cybertronian Tank. Has a disfigured
face and is decked in battle damage
Battle Damaged Megatron
0%
Deluxe ClassAutobot Scout, who transforms into a
licensed 1977 Chevrolet Camaro, decked
in rust
Clunker Bumblebee
0%
Core ClassDecepticon Minion, who transforms into a
cassette tape. Based on concept art.
Concept Art Rumble
0%
Deluxe ClassAutobot Warrior, who transforms into a
Cybertronian Sports Car. Based on concept art.
Concept Art Sunstreaker
0%
Core ClassTerrorcon Sweep, who transforms into multiple
weapons that can be used by other Terrorcons
Freezer
0%
Buzzworthy Bumblebee ExclusiveAutobot Scout, who transforms into a 1967
Chevrolet Camaro
High Octane Bumblebee
0%
Leader ClassAutobot Leader, who transforms into
a licensed Peterbilt 379. Comes with a
trailer.
Jetwing Optimus Prime
0%
Deluxe ClassMan-made Decepticon Assassin, who
transforms into a licensed Pagani
Huayra
KSI Sentry
0%
Core ClassHuman ally to the Autobots, who wears the
armor of one of his comrades
Noah Diaz Exo-Suit
0%
Core ClassTerrorcon Sweep, who transforms into multiple
weapons that can be used by other Terrorcons
Novakane
0%
Deluxe ClassAutobot Scout, who transforms into a
licensed Willys Jeep
Offroad Bumblebee
0%
Deluxe ClassPredacon soldier, who transforms into a
robotic Scorpion
Scorponok
0%
Deluxe ClassAutobot Scout, who transforms into a
Humber Light Reconnaissance
WW2 Bumblebee
0%
Deluxe ClassAutobot Spy, who transforms into a Humber
Light Reconnaissance
WW2 Hot Rod
0%

Score Distribution

Percentile by Number Answered

Percent of People with Each Score

Your Score History

You have not taken this quiz since the last reset